हमारे वृक्ष / (Record no. 120118)
[ view plain ]
| 000 -LEADER | |
|---|---|
| fixed length control field | 01166nam a22002777a 4500 |
| 005 - DATE AND TIME OF LATEST TRANSACTION | |
| control field | 20170124103153.0 |
| 010 ## - LIBRARY OF CONGRESS CONTROL NUMBER | |
| LC control number | B-112755 |
| 020 ## - INTERNATIONAL STANDARD BOOK NUMBER | |
| Terms of availability | 140.00 |
| International Standard Book Number | 8123010915 |
| 035 ## - SYSTEM CONTROL NUMBER | |
| System control number | B-112755 |
| 037 ## - SOURCE OF ACQUISITION | |
| Source of stock number/acquisition | Cen Lib/Ret |
| 040 ## - CATALOGING SOURCE | |
| Original cataloging agency | DPL |
| Language of cataloging | HN |
| 082 ## - DEWEY DECIMAL CLASSIFICATION NUMBER | |
| Classification number | 582.16 |
| Item number | राजेश्व |
| 100 ## - MAIN ENTRY--PERSONAL NAME | |
| Personal name | राजेश्वर प्रसाद |
| 9 (RLIN) | 88623 |
| 245 ## - TITLE STATEMENT | |
| Title | हमारे वृक्ष / |
| Statement of responsibility, etc | राजेश्वर प्रसाद [एवं] नारायण सिंह |
| 246 ## - VARYING FORM OF TITLE | |
| Title proper/short title | Hamare vriksh / |
| Remainder of title | by Rajeshwar Prasad [evam] Narayan SIngh |
| 250 ## - EDITION STATEMENT | |
| Edition statement | 4th ed |
| 260 ## - PUBLICATION, DISTRIBUTION, ETC. (IMPRINT) | |
| Name of publisher, distributor, etc | प्रकाशन विभाग |
| Place of publication, distribution, etc | नयी दिल्ली |
| Date of publication, distribution, etc | 2003 |
| 270 ## - ADDRESS | |
| Address | पटियाला हाउस |
| City | नयी दिल्ली |
| Postal code | 110001 |
| 300 ## - PHYSICAL DESCRIPTION | |
| Extent | 170पृ.: |
| Dimensions | 20सेमी (सजिल्द) |
| Other physical details | सचित्र |
| 650 ## - SUBJECT ADDED ENTRY--TOPICAL TERM | |
| Topical term or geographic name as entry element | बॉटनी |
| 9 (RLIN) | 88624 |
| 650 ## - SUBJECT ADDED ENTRY--TOPICAL TERM | |
| Topical term or geographic name as entry element | वृक्ष--विभिन्न प्रकार |
| 9 (RLIN) | 88625 |
| 650 ## - SUBJECT ADDED ENTRY--TOPICAL TERM | |
| Topical term or geographic name as entry element | Botany |
| 9 (RLIN) | 88626 |
| 650 ## - SUBJECT ADDED ENTRY--TOPICAL TERM | |
| Topical term or geographic name as entry element | Tree - Variety |
| 9 (RLIN) | 88627 |
| 700 ## - ADDED ENTRY--PERSONAL NAME | |
| Personal name | नारायण सिंह |
| 9 (RLIN) | 88628 |
| 942 ## - ADDED ENTRY ELEMENTS (KOHA) | |
| Source of classification or shelving scheme | Dewey Decimal Classification |
| Koha item type | Hindi Books |
| Classification part | 582.16 |
| Call number suffix | राजेश्व |
| Withdrawn status | Lost status | Damaged status | Not for loan | Home library | Current library | Date acquired | Source of acquisition | Cost, normal purchase price | Total Checkouts | Total Renewals | Full call number | Barcode | Date last seen | Date checked out | Copy number | Cost, replacement price | Price effective from | Koha item type | Source of classification or shelving scheme |
|---|---|---|---|---|---|---|---|---|---|---|---|---|---|---|---|---|---|---|---|
| Central Library | Central Library | 21/09/2015 | Cen Lib/Ref | 140.00 | 1 | 1 | 582.16 राजेश्व | B-112755 | 03/04/2018 | 07/03/2018 | 1 | 140.00 | 21/09/2015 | Hindi Books | |||||
| R.K.Puram-8 | R.K.Puram-8 | 27/06/2023 | 140.00 | 582.16 राजेश्व | B-112758 | 27/06/2023 | 1 | 140.00 | 27/06/2023 | Hindi Books | Dewey Decimal Classification |
